Religion Quiz

Random Religion or Numbers Quiz

Religion By Symbol Quiz Stats

 Plays Quiz Updated Mar 9, 2019

Score 0/14 Timer 03:00
8 Plays Today
Number Religion % Correct
3Christianity
92.5%
8Judaism
92.2%
6Islam
81.4%
5Hinduism
47.3%
11Taoism
44%
9Shinto
37.7%
2Buddhism
34%
Number Religion % Correct
12Wicca
27.2%
10Sikhism
22.4%
7Jainism
15.5%
13Zoroastrianism
14.6%
4Confucianism
14.6%
1Baha'i
14%
14Druidism
4.2%

You're not logged in!

Compare scores with friends on all Sporcle quizzes.
OR
Log In

Sporcle TV

Today on Sporcle TV


Watch our educational content, quiz creation guides, and fun videos on Sporcle TV.

Show Comments

Extras

Top Quizzes Today


Score Distribution

Your Account Isn't Verified!

In order to create a playlist on Sporcle, you need to verify the email address you used during registration. Go to your Sporcle Settings to finish the process.

Report this User

Report this user for behavior that violates our Community Guidelines.

Details: